Crónica del rey Enrico Otavo de Ingalaterra / (Record no. 153344)

MARC details
000 -LEADER
campo de control de longitud fija 01068nam a2200241 i 4500
001 - NÚMERO DE CONTROL
campo de control 153344
003 - IDENTIFICADOR DE NÚMERO DE CONTROL
campo de control ES-MaACL
005 - FECHA Y HORA DE LA ÚLTIMA TRANSACCIÓN
campo de control 20251003195559.0
008 - DATOS DE LONGITUD FIJA--INFORMACIÓN GENERAL
campo de control de longitud fija 940202s1874 sp |||| |dspa d
080 ## - NÚMERO DE LA CLASIFICACIÓN DECIMAL UNIVERSAL
Número de la Clasificación Decimal Universal 929 Enrique(410)VIII
080 ## - NÚMERO DE LA CLASIFICACIÓN DECIMAL UNIVERSAL
Número de la Clasificación Decimal Universal 941.0"1509/47"(093)
245 00 - MENCIÓN DEL TÍTULO
Título Crónica del rey Enrico Otavo de Ingalaterra /
Mención de responsabilidad, etc. escrita por un autor coetáneo y ahora por primera vez impresa e ilustrada, con introducción, notas y apéndices, por el marqués de Molins.
260 ## - PUBLICACIÓN, DISTRIBUCIÓN, ETC.
Lugar de publicación, distribución, etc. Madrid :
Nombre del editor, distribuidor, etc. Librería de los Bibliófilos :
-- Alfonso Durán,
Fecha de publicación, distribución, etc. 1874 (
Fabricante Imp. de Aribau y Compañía)
300 ## - DESCRIPCIÓN FÍSICA
Extensión CIII, 523, [5] p. ;
Dimensiones 18 cm.
490 1# - MENCIÓN DE SERIE
Mención de serie Libros de antaño ;
Designación de volumen o secuencia 4
500 ## - NOTA GENERAL
Nota general Apéndice documental.
600 07 - PUNTO DE ACCESO ADICIONAL DE MATERIA--NOMBRE DE PERSONA
Nombre de persona Enrique VIII,
Títulos y otros términos asociados al nombre Rey de Inglaterra,
Fechas asociadas al nombre 1491-1547
Fuente del encabezamiento o término
9 (RLIN) 126940
651 ## - PUNTO DE ACCESO ADICIONAL DE MATERIA--NOMBRE GEOGRÁFICO
Nombre geográfico Gran Bretaña-
Subdivisión general Historia-
Subdivisión cronológica 1509-1547, Enrique VIII.
9 (RLIN) 174479
700 1# - ENTRADA AGREGADA--NOMBRE PERSONAL
Nombre de persona Molíns, Mariano Roca de Togores,
Títulos y otros términos asociados al nombre Marqués de,
Fechas asociadas al nombre 1812-1889
9 (RLIN) 130033
830 00 - PUNTO DE ACCESO ADICIONAL DE SERIE-TÍTULO UNIFORME
Título uniforme Libros de antaño
Designación de volumen o secuencia 4
9 (RLIN) 188315
852 ## - LOCALIZACIÓN
Ubicación ES-MaACL
Número de control de estantería F-13533
Nota libre - Enc. tela
Holdings
Estatus retirado Estado de pérdida Estado de daño No para préstamo Colección Biblioteca de origen Biblioteca actual Ubicación en estantería Fecha de adquisición Fuente de adquisición Total de préstamos Signatura topográfica completa Código de barras Visto por última vez Precio de reemplazo Tipo de ítem Koha
        Libros del s. XIX Biblioteca del Ateneo de Madrid Biblioteca del Ateneo de Madrid Sala Pecera Planta 2 17/01/2008     F-13533 1160254 23/02/2023 23/02/2023 Libro impreso antiguo